| 000 | 00999cam a22002891 4500 | ||
|---|---|---|---|
| 001 | 17976 | ||
| 003 | BD-RjUL | ||
| 005 | 20211209000224.0 | ||
| 008 | 140219t19661964ilu b 001 1 eng d | ||
| 035 | _a(BD-RjUL)18034 | ||
| 040 |
_aDLC _cDLC _dDLC _dBD-RjUL _beng |
||
| 041 | _aeng | ||
| 082 | 0 | 0 |
_a809 _bARM 1966 |
| 100 | 1 |
_aArnold, Matthew, _d1822-1888. _955140 |
|
| 245 | 1 | 0 |
_aMatthew Arnold's Essays in criticism : _bFirst and Second series / _cEdited, with an introd. and notes, by Sister Thomas Marion Hoctor. |
| 250 | _aCritical ed. | ||
| 260 |
_aChicago : _bUniversity of Chicago Press, _cc1964 [Reprinted 1966] |
||
| 300 |
_axliii, 367 p. ; _c24 cm. |
||
| 500 | _aBased on the editor's thesis, Cornell University, 1958. | ||
| 504 | _aBibliography: p. 345-348. and Index | ||
| 650 | 0 |
_aCriticism. _955423 |
|
| 700 | 1 |
_aHoctor, Thomas Marion, _cSister, _d1933- _eed. _955424 |
|
| 942 |
_2ddc _cBK |
||
| 999 |
_c17976 _d17976 |
||